Score 0/15 Timer 05:00
4 Plays Today
Question Answer Wrong Answers
Genealogy Familial relationships
89.5%
Language of historical sources
3.5%
Proper names
0.9%
Names of places
0.5%
Futurology The future of societies and the physical world
85.2%
Alien history
1.7%
Analysis of material alien remains
1.4%
Nature of cities and towns, and the process of urbanization
5.7%
Numismatics Coins and paper currency
83.3%
Seals
3.8%
Armorial devices
3.2%
Books as physical objects
3.6%
Toponymy Names of places
73.1%
Language of historical sources
6.1%
Ancient inscriptions
6.8%
Postage stamps
7.6%
Sigillography Seals
72.6%
Proper names
7.8%
Names of places
6.5%
Familial relationships
6.2%
Epigraphy Ancient inscriptions
70.8%
Names of places
10.4%
Seals
6.7%
Military orders, decorations and medals
5.7%
Historiography Historical writing
68.8%
Old handwriting
6.2%
Literary works with the title 'History'
6.9%
Lives of historians
12%
Vexillology Flags
63.9%
Seals
9.7%
Proper names
5.5%
Ancient inscriptions
14.3%
Heraldry Armorial bearings
52.7%
Coins and paper currency
1.7%
Military orders, decorations and medals
31.3%
Proper names
8.4%
Philology Language of historical sources
47.9%
Books as physical objects
21.6%
Familial relationships
18.4%
Armorial devices
5.6%
Phaleristics Military orders, decorations and medals
46%
Seals
16.4%
Coins and paper currency
14%
Language of historical sources
16.8%
Onomastics Proper names
39%
Old handwriting
22.8%
Seals
12.8%
Postage stamps
18.4%
Prosopography A group of people within a particular historical context
37.2%
Proper names
20.3%
Old handwriting
29.7%
Armorial devices
6%
Archontology Historical offices and important positions of societies
37%
Warfare
5.9%
Roles of women
2.5%
Ancient and historic sites and artifacts
47.9%
Codicology Books as physical objects
27.2%
Language of historical sources
18.3%
Names of places
5.1%
Ancient inscriptions
43.1%
Remove Ads.
Support Sporcle.
Get the best of Sporcle when you Go Orange. This ad-free experience offers more features, more stats, and more fun while also helping to support Sporcle. Thank you for becoming a member.

You're not logged in!

Compare scores with friends on all Sporcle quizzes.
OR
Log In

Show Comments

Extras

Top Quizzes Today


Score Distribution

Your Account Isn't Verified!

In order to create a playlist on Sporcle, you need to verify the email address you used during registration. Go to your Sporcle Settings to finish the process.

Report this User

Report this user for behavior that violates our Community Guidelines.

Details: